00351cam a2200133 4500001001000000008004100010035001400051100001900065245004100084260002600125300001900151440002400170650002300194BP2002429 a spa  aBP20024291 aReyes, Alfonso 0aMexico en una nuez /cAlfonso Reyes. aMéxico :bSEP,cs/f a32 p. ;c21cm. 0aCuadernos Mexicanos 4aHistoria de Mexico